000 00374nam a2200145Ia 4500
008 230711s9999||||xx |||||||||||||| ||und||
041 _aENG
082 _a621.092
_bDI-M
100 _aDieter,George
245 0 _aMechanical metalluragy
250 _a1st Ed.
260 _c1988
_aNew York
_bTata McGraw Hill Education Limited
650 _aMechanical Engineering
942 _cBK
999 _c1062
_d1062